Impact of Age of the Entrepreneur on the Export Financing. Case Study From Slovakia
Štatistické dôkazy o tom, či vek podnikateľa je významným faktorom s príslušným vplyvom na vývozné aktivity v prípade malých a stredných podnikov na Slovensku. Prezentované výsledky sú založené na výskume vykonávané medzi slovenskými MSP v roku 2016 v porovnaní s údajmi z medzinárodného prieskumu s...
Uložené v:
| Hlavný autor: | |
|---|---|
| Ďalší autori: | , |
| Médium: | Kapitola |
| Jazyk: | English |
| Predmet: | |
| Tagy: |
Žiadne tagy, Buďte prvý, kto otaguje tento záznam!
|
MARC
| LEADER | 00000nla a2200000 4500 | ||
|---|---|---|---|
| 001 | 0242982 | ||
| 005 | 20220919110121.0 | ||
| 041 | 0 | |a eng | |
| 044 | |a CZ | ||
| 245 | 1 | 0 | |a Impact of Age of the Entrepreneur on the Export Financing. Case Study From Slovakia |c Monika Majková, Aleksandr Ključnikov, Ján Solík |
| 520 | |a Štatistické dôkazy o tom, či vek podnikateľa je významným faktorom s príslušným vplyvom na vývozné aktivity v prípade malých a stredných podnikov na Slovensku. Prezentované výsledky sú založené na výskume vykonávané medzi slovenskými MSP v roku 2016 v porovnaní s údajmi z medzinárodného prieskumu s názvom Regionálna štúdia TwinEnterpreneurs, ktorú vykonalo Združenie mladých podnikateľov Slovenska a Viedenská obchodná agentúra v roku 2013. | ||
| 610 | 2 | 0 | |a podnik malý |
| 610 | 2 | 0 | |a podnik stredný |
| 610 | 2 | 0 | |a podnikatelia |
| 610 | 2 | 0 | |a vek |
| 610 | 2 | 0 | |a vývoz |
| 610 | 2 | 0 | |a vývoz kapitálu |
| 610 | 2 | 0 | |a financovanie |
| 610 | 2 | 0 | |a financovanie obchodu zahraničného |
| 610 | 2 | 0 | |a štúdie prípadové |
| 100 | 1 | |a Majková, Monika | |
| 700 | 1 | |a Ključnikov, Aleksandr | |
| 700 | 1 | |a Solík, Ján | |